| 000 | 00971nam a2200253 4500 | ||
|---|---|---|---|
| 001 | 45215 | ||
| 010 | _a9789893636305 | ||
| 021 | _b550856/25 | ||
| 090 | _a45215 | ||
| 100 | _a20250916d2025 m d0pory50030103ba | ||
| 101 | 0 | _apor | |
| 102 | _aPT | ||
| 200 | 1 |
_aLiteratura de tradicão oral no concelho de Penamacor _econtos, lendas, romances _fcoord. e ed. lit. Paulo Jorge Correia _grecolhas Gorete Alvito de Brito, Rosa Gonçalves _gtranscr. musicais Mili Vizcaíno |
|
| 210 | 9 |
_aPenamacor _cCâmara Municipal de Penamacor, _d2025 |
|
| 215 |
_a551 p. _cil. _d26 cm |
||
| 314 | _arecolhas Gorete Alvito de Brito, Rosa Gonçalves | ||
| 675 |
_a398.5(=1:469.331) _vBN _zpor |
||
| 700 | 1 |
_aCorreia, _bPaulo, _f1966- _4560 |
|
| 702 | 1 |
_aBrito, _bGorete Alvito de _4560 |
|
| 702 | 1 |
_aMili, _bVizcaíno _4560 |
|
| 702 | 1 |
_aGon—calves, _bRosa _4560 |
|
| 801 | 0 |
_aPT _bBN _gRPC |
|
| 856 | 4 | 1 | _uhttp://rnod.bnportugal.gov.pt/ImagesBN/winlibimg.aspx?skey=&doc=2226319&img=213592&save=true |
| 990 | _cLIVROS | ||